| 000 | 00945nam a2200229 a 4500 | ||
|---|---|---|---|
| 001 | BRCA_1484 | ||
| 005 | 20190320203441.0 | ||
| 008 | 900123s1988 caua---##b---#001-0#eng-# | ||
| 020 | _a0295966726 | ||
| 050 | 4 |
_aNK8988.3 _b.C37 1988 |
|
| 100 | 1 |
_aCarroll, Diane Lee _94848 |
|
| 245 | 1 | 0 |
_aLooms and Textiles of the Copts _bFirst Millennium Egyptian Textiles in the Carl Austin Rietz Collection of the California Academy of Sciences _cDiane Lee Carroll. |
| 260 |
_a[San Francisco] _bCalifornia Academy of Sciences _c1988 |
||
| 300 |
_a201 p. _bil. (algunas a color) _c28 cm. |
||
| 500 | _aIncluye índice alfabético y glosario | ||
| 504 | _aBibliografía : p. 187-192 | ||
| 600 | 1 | 4 |
_aReitz, Carl Austin _xColecciones de arte _94849 |
| 610 | 2 | 4 |
_aCalifornia Academy of Sciences _vCatálogos _94850 |
| 650 | 1 | 4 |
_aTextiles _vCatálogos _94851 |
| 650 | 1 | 4 |
_aTelas _vCatálogos _xColecciones privadas _zCalifornia (Estados Unidos) _94852 |
| 942 |
_2lcc _cB |
||
| 999 |
_c1345 _d1345 |
||